000 01920nam a2200205Ia 4500
999 _c6630
_d6630
008 200103s 2009 ||||xx |||||||||||||| ||und||
020 _a8174091955
082 _a510.2462
_bGRE
100 _aGrewal, B. S.
245 0 _aHigher engineering mathematics
250 _a40th
260 _bKhanna Publishers
_c2009
_aNew Delhi
300 _axx,1391p.
504 _aUnit I: Algebra, vectors, and geometry solution of equations linear algebra: Determinants, matrices vector Algebra and solid Geometry Unit II: calculus differential Calculus and its applications partial differentiation and its applications integral calculus and its applications multiple Integrals and Beta, Gamma functions vector calculus and its applications Unit III: series infinite series Fourier series Unit IV: differential equations differential equations of first order applications of differential equations of first order linear differential equations applications of linear differential equations differential equations of other types series solution of differential equations and special functions partial differential equations applications of partial differential equations Unit V: complex analysis complex Numbers and functions calculus of complex functions Unit VI: transforms Laplace transforms Fourier transforms z-transforms Unit VII: numerical techniques empirical laws and curve-fitting statistical methods probability and distributions sampling and inference Numerical solution of equations finite difference and interpolation Numerical differentiation and integration difference equations Numerical solution of ordinary differential equations Numerical solution of partial differential equations Unit VIII: special topics Calculus of variations.
650 _aCalculus
650 _aComplex Analysis
650 _aTransforms
700 _aGrewal, J. S.
_eCo-author
942 _cBK